A novel multifunctional additive for natural rubber (Record no. 53487)

MARC details
000 -LEADER
fixed length control field 00500nam a2200157Ia 4500
100 ## - MAIN ENTRY--AUTHOR NAME
Personal name Menon A R R
245 #2 - TITLE STATEMENT
Title A novel multifunctional additive for natural rubber
260 ## - PUBLICATION, DISTRIBUTION, ETC. (IMPRINT)
Name of publisher Papers presented at the IRMRA 18th Rubber Conference, Mumbai, January 20-21, 2000. p125-142
650 ## - SUBJECT ADDED ENTRY--TOPICAL TERM
Topical Term Filler dispersion
650 ## - SUBJECT ADDED ENTRY--TOPICAL TERM
Topical Term Multifunctional additive
650 ## - SUBJECT ADDED ENTRY--TOPICAL TERM
Topical Term Natural rubber
650 ## - SUBJECT ADDED ENTRY--TOPICAL TERM
Topical Term Thermal stability
700 ## - ADDED ENTRY--PERSONAL NAME
Personal name Pillai C K S
942 ## - ADDED ENTRY ELEMENTS (KOHA)
Koha item type Journals
Holdings
Withdrawn status Lost status Damaged status Not for loan Home library Current library Shelving location Date acquired Koha item type
      Journals RRII Library RRII Library Rubber chemistry 17/12/2021 Journals